| 000 | 00589nas a2200217Ia 4500 | ||
|---|---|---|---|
| 001 | dd38-52163 | ||
| 003 | IT-MiCISF | ||
| 005 | 20230208141624.0 | ||
| 008 | 161014c99999999xx |||||||||||| ||und|| | ||
| 040 |
_aIT-MiCISF _cIT-MiCISF |
||
| 041 | _aITALIANO | ||
| 100 |
_aDaloiso Viviana, Elia Amelia, Ferrario Paolo _959344 |
||
| 245 | 0 | _aDivorzio, quanta fretta | |
| 250 | _a"Noi genitori e figli" | ||
| 260 | _c2012, n. 166 | ||
| 300 | _app. 6-19 | ||
| 500 | _adivorzio, società , chiesa, associazioni | ||
| 650 |
_adivorzio _vdossier _959345 |
||
| 942 |
_cCR _2ddc |
||
| 999 |
_c219134 _d219134 |
||
| 999 | _bSi | ||